Statistiques concernant Les 7 étapes du deuil

Cliquez ici pour prendre le quiz!

Statistiques générales

  • Ce quiz a été pris 76 fois
  • Le résultat moyen est 4 sur 7

Statistiques - réponses

Réponses% Correct
La Colère
87%
L'Acceptation
84%
Le Déni
81%
La Tristesse
76%
La Peur
16%
Le Pardon
16%
La Reconstruction
7%

Distribution des résultats

Percentile par nombre de réponses

% des personnes avec chaque résultat

Votre développement - résultats

Vous n’avez pas pris ce quiz